Vplyv štýlu vedenia v pracovnej skupine na výkonnosť a spokojnosť zamestnancov diplomová práca
Uložené v:
| Hlavný autor: | |
|---|---|
| Korporativný autor: | |
| Ďalší autori: | |
| Médium: | Kniha |
| Jazyk: | Slovak |
| Vydavateľské údaje: |
Bratislava
2010
|
| Tagy: |
Žiadne tagy, Buďte prvý, kto otaguje tento záznam!
|
MARC
| LEADER | 00000nam a2200000 4500 | ||
|---|---|---|---|
| 001 | 0119953 | ||
| 005 | 20240318123749.3 | ||
| 041 | 0 | |a slo | |
| 044 | |a SK | ||
| 245 | 1 | 0 | |a Vplyv štýlu vedenia v pracovnej skupine na výkonnosť a spokojnosť zamestnancov |b diplomová práca |c Jana Zaťková ; škol. Hana Gažová Adamková |
| 264 | 1 | |a Bratislava |c 2010 | |
| 100 | 1 | |a Zaťková, Jana | |
| 700 | 1 | |a Gažová Adamková, Hana, 1969- | |
| 710 | 2 | |a Fakulta podnikového manažmentu EU. Katedra manažmentu | |